Normal view
MARC view
- Corkhill, Thomas
Entry Personal Name
001 - CONTROL NUMBER
- control field: 45230
003 - CONTROL NUMBER IDENTIFIER
- control field: NUST
005 - DATE AND TIME OF LATEST TRANSACTION
- control field: 20210314133206.0
008 - FIXED-LENGTH DATA ELEMENTS
- fixed length control field: 210314|| aca||aabn | a|a d
040 ## - CATALOGING SOURCE
- Original cataloging agency: NUST
- Transcribing agency: NUST
100 ## - HEADING--PERSONAL NAME
- Personal name: Corkhill, Thomas
670 ## - SOURCE DATA FOUND
- Source citation: Work cat.: (NUST): Corkhill, Thomas., A concise building encyclopaedia., [1951]
